1797 1297 1447 1507 1720 1000 1447 1979 1462 1597 1104 1116 1514 1945 1586 1455 1783 1548 1530 1080 1431 1717 1145 1802 1195 1149 1386 1338 1957 1416 1496 1924 1623 1509 1526 1403 1669 1835 1816 1421 1035 1311 1837 1321 1931 1334 1609 1707 1730 1386 1804 1212 1910 1287 1684 1737 1279 1140 1696 1909 1199 1054 1502 1041 1976 1487 1216 1252 1747 1852 1248 1149 1635 1645 1752 1958 1797 1761 1773 1531 1229 1528 1718 1571 1320 1895 1009 1097 1334 1976 1295 1038 1946 1392 1602 1466 1941 1275 1774 BCNSPRNW ULIB Ver.6.0+V

เปลี่ยนเป็นภาษาไทย

Change to English
 แสดงรายละเอียดบรรณานุกรม
  กลับหน้าหลัก

Brief Record : Get Marc (ISO 2709) : E-mail record : QR code < ปิดหน้าต่าง
LEADER : 00000nam 2200000uu 4500
001    13399108442
003     ULIB
008    110303s2003||||th 000 0 eng d
020    03230125
060 04 WY160^bS931P 2003
100 1  Gail W. Stuart
245 10 Principles and Practice of Psychiatric nursing /^cGail W. Stuart
250    7th ed.
260    St. Louis:^bMosby,^c2003
300    915 p.
650  7 Psychiatric nursing agenda
650  7 Psychiatric Nursing Care
650  7 Psychoanalytical model
700 0  Michele T. Laraia
945    ^p3000^l0^i014324
995    ทศพร
999 ^a ใช้งานได้ทุกระบบ
รายการนี้ยังไม่มีแท็ก
คุณยังไม่ได้ล็อกอิน คุณสามารถมีกิจกรรมร่วมกับเว็บไซต์ได้ แต่ต้องล็อกอินก่อน ::
  ล็อกอิน

รายการสื่อสารสนเทศ

ลำดับที่ ประเภท เลขเรียก/บาร์โค้ด สถานที่ สถานะ
- ไม่พบข้อมูล -

BibComment


ยังไม่เคยถูกคอมเมนท์

คอมเมนท์ทรัพยากรรายการนี้
  คอมเมนท์: Principles and Pr..


 Copyright 2026. Bcnsprnw @Library